MARC

LEADER 00000nam0a2200000 4500
001 41661
005 20231101210711.0
035 |a (RuTPU)RU\TPU\book\42790 
090 |a 41661 
100 |a 20020626d1979 m y0rusy50 ca 
101 0 |a rus 
102 |a RU 
105 |a a j 001zy 
200 1 |a Сборник задач по теории колебаний  |e учебное пособие  |f В. А. Светлицкий, И. В. Стасенко 
205 |a 2-е изд., перераб. 
210 |a Москва  |c Высшая школа  |d 1979 
215 |a 368 с.  |c ил. 
320 |a Библиогр.: с. 367 ( 35 назв. ) 
606 1 |a Механические колебания  |2 stltpush  |3 (RuTPU)RU\TPU\subj\43602  |9 63078 
610 1 |a колебания 
610 1 |a теория 
610 1 |a задачи 
610 1 |a упражнения 
610 1 |a решения 
610 1 |a учебные пособия 
675 |a 534(076)  |v 3 
700 1 |a Светлицкий  |b В. А.  |g Валерий Александрович 
701 1 |a Стасенко  |b И. В.  |g Игорь Валентинович 
801 1 |a RU  |b 63413507  |c 20020626  |g PSBO 
801 2 |a RU  |b 63413507  |c 20190207  |g PSBO 
942 |c BK 
952 |a 510300  |b 010500